Administración de sitios y páginas Web con macromedia : (Record no. 112193)

MARC details
000 -CABECERA
campo de control de longitud fija 00707nam a2200205 a 4500
005 - FECHA Y HORA DE LA ÚLTIMA TRANSACCIÓN
campo de control 20210223125716.0
008 - ELEMENTOS DE LONGITUD FIJA--INFORMACIÓN GENERAL
campo de control de longitud fija 050523s2004 mx 000 0 spa d
020 ## - NÚMERO INTERNACIONAL NORMALIZADO PARA LIBROS
Número Internacional Estándar del Libro 9701510321
035 ## - NÚMERO DE CONTROL DEL SISTEMA
Número de control de sistema UPN01000140045
049 ## - COLECCIÓN
Colección CG
050 #4 - SIGNATURA TOPOGRÁFICA DE LA BIBLIOTECA DEL CONGRESO
Número de clasificación TK5105.8885 D7.4
Número de documento/Ítem P4.3
100 1# - ASIENTO PRINCIPAL--NOMBRE PERSONAL
Nombre de persona Pérez López, César
9 (RLIN) 29850
245 10 - MENCIÓN DE TÍTULO
Título Administración de sitios y páginas Web con macromedia :
Resto del título Dreamweaver MX 2004 /
Mención de responsabilidad, etc. César Pérez López.
260 ## - PUBLICACIÓN, DISTRIBUCIÓN, ETC.
Lugar de publicación, distribución, etc. México :
Nombre del editor, distribuidor, etc. Alfaomega :
-- Ra-Ma,
Fecha de publicación, distribución, etc. c2004.
300 ## - DESCRIPCIÓN FÍSICA
Extensión 561 p. :
Otras características físicas il. +
Material acompañante/anejo 1 CD-ROM ; 4 3/4 plg.
650 #4 - ASIENTO SECUNDARIO DE MATERIA - TERMINO TEMATICO
Término de materia o nombre geográfico como elemento de entrada DREAMWEAVER (ARCHIVO PARA COMPUTADORA)
9 (RLIN) 14225
650 #4 - ASIENTO SECUNDARIO DE MATERIA - TERMINO TEMATICO
Término de materia o nombre geográfico como elemento de entrada SITIOS WEB -
Subdivisión general DISEÑO
9 (RLIN) 7669
650 #4 - ASIENTO SECUNDARIO DE MATERIA - TERMINO TEMATICO
Término de materia o nombre geográfico como elemento de entrada SITIOS WEB -
Subdivisión general PROGRAMAS DE AUTOR
905 ## - TIPO DE MATERIAL
Tipo de material Libro
Holdings
Estado de retiro Estado de pérdida Fuente del sistema de clasificación o colocación Estado dañado No para préstamo Código de colección Localización permanente Ubicación/localización actual Ubicación en estantería Total de préstamos Clasificación Código de barras Fecha visto por última vez Número de copia Tipo de ítem Koha Fecha de adquisición Precio válido a partir de Nota pública
    Library of Congress Classification     Colección General Bib. Gregorio Torres Quintero Bib. Gregorio Torres Quintero Planta baja 2 TK5105.8885 D7.4 P4.3 228931 31/12/2020 1 Libro      
    Library of Congress Classification     Colección General Bib. Gregorio Torres Quintero Bib. Gregorio Torres Quintero Planta baja 4 TK5105.8885 D7.4 P4.3 228930 31/12/2020 1 Libro      
    Library of Congress Classification     Colección General Bib. Gregorio Torres Quintero Bib. Gregorio Torres Quintero Planta baja 4 TK5105.8885 D7.4 P4.3 228932 31/12/2020 1 Libro      
    Library of Congress Classification     Materiales complementarios y otros recursos electrónicos  Bib. Gregorio Torres Quintero Bib. Gregorio Torres Quintero Mostrador de préstamo Planta baja   TK5105.8885 D7.4 P4.3 340147 24/09/2024 Ej.2 Disco Compacto 24/09/2024 24/09/2024 Solicítalo en el mostrador de préstamo
    Library of Congress Classification     Materiales complementarios y otros recursos electrónicos  Bib. Gregorio Torres Quintero Bib. Gregorio Torres Quintero Mostrador de préstamo Planta baja   TK5105.8885 D7.4 P4.3 340148 24/09/2024 Ej.3 Disco Compacto 24/09/2024 24/09/2024 Solicítalo en el mostrador de préstamo